| 000 | 00506nam a2200157Ia 4500 | ||
|---|---|---|---|
| 008 | 170221s9999 xx 000 0 und d | ||
| 100 | _aHatem EL Zein | ||
| 245 | 4 | _aThe intersection of interests between Al-Jazeera and Al-Qaida in the era of “War on Terror” Hatem EL Zein | |
| 245 | _cHatem EL Zein | ||
| 260 | _bOnline Journal of Communication and Media Technologies | ||
| 260 | _c2012 | ||
| 300 | _a2 : 4 | ||
| 650 | _xCommunication | ||
| 650 | _xMedia Arts | ||
| 856 | _uhttp://www.ojcmt.net/ | ||
| 999 |
_c307326 _d307326 |
||